| 000 | 00576nam a2200181 i 4500 | ||
|---|---|---|---|
| 001 | 63078 | ||
| 003 | ES-MaACL | ||
| 005 | 20250827063210.0 | ||
| 007 | t| | ||
| 008 | 031128s1922 sp ||||1| spa d | ||
| 100 | 1 |
_aFernández-Victorio y Cociña, Antonio, _d1867-1925 _950155 |
|
| 245 | 1 | 3 |
_aLa psiquiatría del médico práctico / _cpor Antonio Fernández-Victorio y Cociña. |
| 250 | _a2ª ed. corr. y aum. | ||
| 260 |
_aBarcelona : _b[s.n., _c1922] ( _fJ. Cosano) |
||
| 300 |
_aXII, 407 p. ; _c19 cm. |
||
| 852 |
_aES-MaACL _jB-11993 |
||
| 999 |
_c63078 _d63078 |
||